[Event "1st Gujarat GM Open 2018"]
[Site "Ahmedabad"]
[Date "2018.10.08"]
[Round "5"]
[White "Swayams, Mishra"]
[Black "Mehta Naitik R"]
[Result "1-0"]
[WhiteElo "2463"]
[BlackElo "1922"]
[Annotator "TA"]
[PlyCount "103"]
[EventDate "2018.10.05"]
[EventType "swiss"]
[EventCountry "IND"]
[SourceTitle "playchess.com"]
[Source "ChessBase"]
[SourceQuality "1"]

{[%evp 11,102,37,45,41,45,33,72,70,88,87,88,77,96,37,65,57,99,93,102,99,119,117,123,123,148,110,143,117,170,122,156,157,168,172,173,164,168,122,154,129,179,0,154,0,185,0,139,0,195,169,174,165,170,0,169,0,188,152,182,164,172,122,137,127,162,49,180,193,1019,1035,1316,1295,1312,1280,1425,1431,1548,1613,1620,1618,1572,1481,29991,29992,29993,29993,29996,29997,29997,29998,29998,29999,29999]} 1. e4 c5 2. Nf3 d6 3. Bb5+ Bd7 4. Bxd7+ Nxd7 5. c4 e5 (5... Ngf6 6. Nc3 Rc8 7. d4 cxd4 8. Qxd4 a6 9. b3 g6 10. O-O Bg7 11. Bb2 Qa5 12. Rfe1 O-O 13. Nd5 Rfe8 14. Bc3 {0-1 (33) Van Foreest,J (2584)-Yu,Y (2738) Moscow 2017}) 6. Nc3 {B52: Sizilianisch (Rossolimo-Variante)} g6 {LiveBook: 3 Partien} 7. O-O Bg7 8. Qb3 $146 {Weiß steht etwas besser.} ({Vorgänger:} 8. d3 Ne7 9. h4 h6 10. h5 Nf6 11. hxg6 fxg6 12. Rb1 a5 13. a3 {½-½ (100) Krysa,L (2411)-Acosta,P (2102) Buenos Aires 2013}) 8... Nb6 9. a4 a5 10. Qb5+ Kf8 11. d3 Ne7 12. Bd2 (12. Nd5 $16 Nexd5 13. cxd5 (13. exd5 Qc7 $14)) 12... Ra7 13. Nd5 Nbxd5 14. cxd5 b6 15. Bc3 $40 {[%mdl 128] Weiss will per K.O. gewinnen.} Nc8 16. Nd2 g5 17. Nc4 Qd7 18. Qb3 Ra6 19. Ne3 Rg8 (19... h5 $16 {war nötig.} 20. Qc4 Ra7) 20. Ra3 Bf6 21. Qd1 Bd8 22. Qh5 f6 23. Nf5 Rg6 24. Re1 Ra7 25. Re3 Qf7 26. Re1 Qd7 27. Re3 Qf7 $1 28. Re1 Qd7 29. Re3 (29. h3 $16) 29... Qf7 $1 $18 30. Qg4 Rd7 31. Rh3 Ke8 32. Re3 Kf8 $1 33. Rh3 Ke8 $1 34. Rb3 Bc7 35. Ne3 Kd8 36. Rf3 Rh6 37. Qf5 Rg6 38. Ng4 (38. Rh3 $18) 38... Ke7 (38... Qg7 $1 $14) 39. Bd2 h5 $2 {[#]} (39... Rd8 40. h4 h5) 40. Nxf6 $1 {[%mdl 512]} Kd8 (40... Qxf6 41. Bxg5) 41. Nxd7 Qxf5 42. exf5 Rg7 43. Nf8 Rf7 44. Bxg5+ Ke8 45. Ne6 Kd7 46. f6 Rh7 47. f7 {[%cal Re6f8] Weiß setzt Matt.} Ne7 48. Bxe7 Kxe7 49. f8=Q+ Kd7 50. Rf7+ Rxf7 51. Qxf7+ Kc8 52. Qxc7# {Precision: Weiß = 33%, Schwarz = 45%.} 1-0

[Event "1st Gujarat GM Open 2018"]
[Site "Ahmedabad"]
[Date "2018.10.08"]
[Round "5"]
[White "Gukesh D"]
[Black "Malakhatko, Vadim"]
[Result "0-1"]
[WhiteElo "2456"]
[BlackElo "2552"]
[Annotator "TA"]
[PlyCount "136"]
[EventDate "2018.10.05"]
[EventType "swiss"]
[EventCountry "IND"]
[SourceTitle "playchess.com"]
[Source "ChessBase"]
[SourceQuality "1"]

{[%evp 13,136,20,29,22,19,11,21,0,0,-6,0,0,0,-19,-19,-23,-5,-5,-5,0,8,6,8,8,10,0,0,0,0,-14,0,-1,0,-12,0,-12,0,-14,-3,-11,-3,-23,-10,-45,-38,-50,-44,-31,-52,-47,-46,-46,-12,-65,-65,-120,-114,-147,-160,-188,-188,-188,-188,-339,-288,-458,-406,-468,-450,-432,-416,-614,-591,-564,-581,-725,-716,-637,-301,-611,-291,-351,-240,-470,-465,-467,-430,-441,-443,-606,-606,-578,-595,-871,-872,-560,-422,-613,-492,-763,-757,-723,-713,-820,-855,-808,-762,-1088,-1060,-1956,-1960,-1933,-1873,-2486,-2237,-4133,-1880,-29973,-29975,-29986,-29987,-29987,-29988,-29988,-29989]} 1. Nf3 Nf6 2. g3 b5 3. Bg2 Bb7 4. O-O c5 5. d3 d6 (5... g6 6. e4 d6 7. d4 cxd4 8. Nxd4 a6 9. Re1 e5 10. Nb3 Bg7 11. a4 b4 12. a5 O-O 13. Ra4 {1-0 (59) Kramnik,V (2777)-Ghaem Maghami,E (2596) Berlin 2015}) 6. e4 {A05: Réti Opening: 1 Nf3 Nf6} Nbd7 7. a4 b4 {LiveBook: 3 Games} 8. Nbd2 {White has an edge.} g6 9. Nc4 Bg7 10. Bf4 $146 ({Predecessor:} 10. Re1 O-O 11. Qe2 Ng4 12. Bg5 Nde5 13. Nfxe5 Nxe5 14. Nxe5 Bxe5 {0-1 (55) Bejtovic,J (2392)-Smith,A (2468) Gothenburg 2013}) 10... O-O 11. Qd2 Ng4 12. h3 Nge5 13. Bxe5 Nxe5 14. Nfxe5 Bxe5 15. Nxe5 dxe5 16. b3 e6 17. Rae1 a5 18. Qh6 f6 19. Qe3 Qd4 20. Re2 Kg7 21. Rfe1 Kg8 22. Rf1 Kg7 23. Rfe1 Kg8 24. Rf1 Kg7 25. Rfe1 Bc6 {[%cal Bb7c6,Bc6e8,Be8d7][%mdl 32]} 26. Kh2 Rad8 27. Kg1 Be8 28. f4 exf4 29. gxf4 e5 $36 {[%mdl 2048] Black has good play.} 30. Rf2 Bd7 31. Qg3 exf4 32. Qxf4 Qe5 (32... g5 {looks sharper.} 33. Qg3 Qe5 34. Qh2 h5 35. Ref1 Qd4) 33. Qxe5 ({White should play} 33. h4 $11) 33... fxe5 $15 34. Rfe2 (34. Ref1 $15) 34... g5 $17 35. Re3 h5 36. R1e2 Rf4 37. Rd2 Be6 38. Rde2 $2 {[#]} (38. Re1 {was necessary.}) 38... Kh6 39. Rg3 (39. Rd2 $142) 39... Rdf8 $19 40. Rd2 R8f6 41. Re3 h4 42. Rde2 (42. c4 $142 bxc3 43. Rc2) 42... g4 43. hxg4 Bxg4 44. Rd2 Kh5 45. c3 Rc6 (45... bxc3 $142 46. Rc2 Rg6) 46. Kh2 $2 (46. c4) 46... Be6 (46... bxc3 $142 47. Rc2 Bd1 48. Rxc3 Rg6) 47. Rb2 Rf8 48. Bh3 $2 (48. Re1) 48... bxc3 49. Rc2 {intending Bxe6.} Bxb3 50. Rxc3 Bd1 51. Re1 {[#]} Rf2+ $1 52. Kg1 Rd2 53. Bf5 Rc7 54. Kf1 Bxa4 55. Rec1 (55. Re2 $142 Rd1+ 56. Re1) 55... Rd1+ 56. Ke2 (56. Rxd1 $142 Bxd1 57. Be6) 56... Rxc1 57. Rxc1 {[%mdl 4096] Endgame KRB-KRB} Bb3 58. Kd2 a4 59. Kc3 Rg7 60. Bh3 Rg3 61. Bf1 c4 62. Be2+ Kg6 63. Rf1 cxd3 64. Bxd3 h3 {[%cal Bh4h3,Bh3h2][%mdl 32]} 65. Rf8 Be6 {Black mates.} 66. Ra8 h2 67. Rh8 Rh3 68. Rxh3 Bxh3 {Precision: White = 25%, Black = 58%.} 0-1

[Event "1st Gujarat GM Open 2018"]
[Site "Ahmedabad"]
[Date "2018.10.08"]
[Round "5"]
[White "Vignesh N R"]
[Black "Bernadskiy, Vitaliy"]
[Result "1/2-1/2"]
[WhiteElo "2447"]
[BlackElo "2547"]
[Annotator "RC"]
[PlyCount "68"]
[EventDate "2018.10.05"]
[EventType "swiss"]
[EventCountry "IND"]
[SourceTitle "playchess.com"]
[Source "ChessBase"]
[SourceQuality "1"]
[TimeControl "5400+30"]

1. e4 {[%emt 0:00:00]} c5 {[%emt 0:00:00]} 2. Nf3 {[%emt 0:00:00]} d6 {[%emt 0:00:00]} 3. d4 {[%emt 0:00:31]} cxd4 {[%emt 0:00:00]} 4. Nxd4 {[%emt 0:00:04]} Nf6 {[%emt 0:00:00]} 5. Nc3 {[%emt 0:00:04]} a6 {[%emt 0:00:00]} 6. h3 {[%emt 0:00:08]} e6 {[%emt 0:00:39]} 7. g4 {[%emt 0:00:06]} b5 {[%emt 0:00:38]} 8. Bg2 {[%emt 0:01:49]} Bb7 {[%emt 0:01:23]} 9. O-O {[%emt 0:00:28]} Nfd7 {[%emt 0:05:45]} 10. Re1 {[%emt 0:02:08]} Nc6 {[%emt 0:03:14]} 11. a4 {[%emt 0:10:05]} Nxd4 {[%emt 0:03:45]} 12. Qxd4 {[%emt 0:06:18]} e5 {[%emt 0:00:38]} 13. Qd1 {[%emt 0:03:23]} bxa4 {[%emt 0:00:04]} 14. Rxa4 {[%emt 0:03:03]} Nc5 {[%emt 0:03:40]} 15. Ra1 {[%emt 0:07:04]} Be7 {[%emt 0:00:49]} 16. Nd5 {[%emt 0:01:47]} O-O {[%emt 0:01:11]} 17. Be3 {[%emt 0:07:01]} Ne6 {[%emt 0:13:04]} 18. Nxe7+ {[%emt 0:04:13]} Qxe7 {[%emt 0:00:03]} 19. Qd2 {[%emt 0:00:07]} h5 {[%emt 0:08:13]} 20. Red1 {[%emt 0:05:26]} hxg4 {[%emt 0:02:43]} 21. Qxd6 {[%emt 0:01:42]} Qxd6 {[%emt 0:11:09]} 22. Rxd6 {[%emt 0:00:43]} gxh3 {[%emt 0:00:08]} 23. Bxh3 {[%emt 0:00:02]} Bxe4 {[%emt 0:00:32]} 24. Bxe6 {[%emt 0:06:14]} fxe6 {[%emt 0:00:04]} 25. Rxe6 {[%emt 0:03:57]} Bxc2 {[%emt 0:02:26]} 26. Raxa6 {[%emt 0:00:17]} Rxa6 {[%emt 0:00:25]} 27. Rxa6 {[%emt 0:00:03]} Rb8 {[%emt 0:00:21]} 28. Re6 {[%emt 0:01:10]} Rxb2 {[%emt 0:00:15]} 29. Rxe5 {[%emt 0:00:03]} Rb7 {[%emt 0:00:24]} 30. Kh2 {[%emt 0:00:16]} Rf7 {[%emt 0:00:16]} 31. Kg3 {[%emt 0:00:07]} Kh7 {[%emt 0:00:20]} 32. Rh5+ {[%emt 0:00:09]} Kg6 {[%emt 0:00:51]} 33. Rg5+ {[%emt 0:00:10]} Kh7 {[%emt 0:00:06]} 34. Rh5+ {[%emt 0:00:04]} Kg6 {[%emt 0:00:02]} 1/2-1/2

[Event "1st Gujarat GM Open 2018"]
[Site "Ahmedabad"]
[Date "2018.10.08"]
[Round "5"]
[White "Thipsay, Praveen M"]
[Black "Sahil, Tickoo"]
[Result "1-0"]
[WhiteElo "2410"]
[BlackElo "2217"]
[Annotator "TA"]
[PlyCount "81"]
[EventDate "2018.10.05"]
[EventType "swiss"]
[EventCountry "IND"]
[SourceTitle "playchess.com"]
[Source "ChessBase"]
[SourceQuality "1"]

{[%evp 27,81,18,18,22,22,31,17,0,33,28,44,19,41,13,8,11,14,14,36,36,39,24,47,15,19,0,0,14,14,9,2,0,38,37,220,222,231,229,216,216,196,179,318,319,572,562,620,573,1543,1538,1509,1427,1158,1100,1259,1087]} 1. e4 e6 2. d4 d5 3. e5 c5 4. c3 Nc6 5. Nf3 Qb6 6. a3 c4 7. Nbd2 f6 8. Be2 fxe5 9. Nxe5 Nxe5 10. dxe5 Bc5 11. O-O Ne7 12. b4 cxb3 13. Nxb3 O-O 14. Nxc5 Qxc5 15. Qd3 {C02: French: Advance Variation} (15. c4 Bd7 16. a4 Rf7 17. Ba3 Qa5 18. Bg4 Nf5 19. cxd5 exd5 20. e6 Bxe6 21. Re1 Bd7 22. Re5 Qc3 {½-½ (53) Sandipan,C (2574)-Zumsande,M (2422) Germany 2015}) 15... Qc7 16. f4 Bd7 17. a4 {The position is equal.} Rf7 18. Be3 Rc8 19. Ra3 $146 ({Predecessor:} 19. Rfc1 Nf5 20. Bd2 Qc5+ 21. Kh1 Bc6 22. Bg4 g6 {½-½ (45) Gulamali,K (2300)-Wang,Q (2164) Arlington 2014}) 19... Nc6 20. h4 Na5 21. Bd4 Nc6 22. Qe3 Nxd4 23. cxd4 Qd8 24. g3 Qe8 25. Bh5 g6 26. Bd1 b5 27. axb5 Bxb5 28. Rf2 Rfc7 29. Kh2 Qc6 30. h5 Qc1 $2 {[#]} (30... Qe8 $14) 31. Qxc1 $1 $18 Rxc1 32. Bg4 R8c6 33. Rxa7 gxh5 34. Bxh5 Bd3 (34... Rc7 $142 35. Rxc7 Rxc7) 35. Rb2 R1c2+ $2 {[#]} (35... Rc7 36. Rxc7 Rxc7) 36. Rxc2 {White is clearly winning.} Rxc2+ 37. Kh3 Bg6 38. Bxg6 hxg6 39. Kh4 Rc3 40. Re7 Rc6 41. Kg5 {Precision: White = 66%, Black = 30%.} 1-0

[Event "1st Gujarat GM Open 2018"]
[Site "Ahmedabad"]
[Date "2018.10.08"]
[Round "5"]
[White "Arjun Kalyan"]
[Black "Singh, D.P."]
[Result "1/2-1/2"]
[WhiteElo "2408"]
[BlackElo "2132"]
[Annotator "TA"]
[PlyCount "29"]
[EventDate "2018.10.05"]
[EventType "swiss"]
[EventCountry "IND"]
[SourceTitle "playchess.com"]
[Source "ChessBase"]
[SourceQuality "1"]

{[%evp 9,29,47,41,41,57,53,84,86,84,52,56,43,66,56,62,44,49,49,43,35,68,60]} 1. e4 g6 2. d4 Bg7 3. Nc3 a6 4. Be3 e6 (4... b5 5. Nf3 Bb7 6. Bd3 d6 7. e5 Nd7 8. e6 fxe6 9. Ng5 Nf8 10. O-O Nf6 11. Re1 h6 12. Nf3 g5 13. Bd2 Qd7 14. h3 Kf7 {0-1 (46) Moiseenko,A (2667)-Petrosian,T (2601) Riadh 2017}) 5. f4 Ne7 6. Nf3 {B06: Modern Defence} b5 7. Bd3 f5 8. e5 {White is better.} Bb7 9. O-O O-O $146 {White is slightly better.} ({Predecessor:} 9... Nbc6 10. a4 b4 11. Ne2 Nd5 {1-0 (31) Scholl,E-Ujtelky,M Wijk aan Zee 1969}) 10. a3 {[%cal Ba2a3,Ba3a4][%mdl 32]} Qc8 11. Qe2 Nbc6 12. Bf2 Nd8 13. Bh4 Re8 14. b4 d6 15. a4 {Precision: White = 57%, Black = 55%.} 1/2-1/2

[Event "1st Gujarat GM Open 2018"]
[Site "Ahmedabad"]
[Date "2018.10.08"]
[Round "5"]
[White "Fominyh, Alexander"]
[Black "Deshpande, Aniruddha"]
[Result "1-0"]
[WhiteElo "2405"]
[BlackElo "2213"]
[Annotator "TA"]
[PlyCount "55"]
[EventDate "2018.10.05"]
[EventType "swiss"]
[EventCountry "IND"]
[SourceTitle "playchess.com"]
[Source "ChessBase"]
[SourceQuality "1"]

{[%evp 9,55,70,73,50,85,72,89,84,87,93,131,145,155,153,145,154,151,141,158,149,191,153,150,132,132,132,121,105,143,127,123,112,128,94,154,107,105,110,101,94,237,240,238,178,153,95,1089,1073]} 1. d4 Nf6 2. Nf3 c5 3. d5 d6 4. Nc3 e5 5. e4 Be7 {LiveBook: 110 Games} 6. a4 {A44: Semi-Benoni} (6. Bb5+ Nbd7 7. a4 O-O 8. O-O Ne8 9. a5 a6 10. Be2 g6 11. Nd2 f5 12. Nc4 f4 13. Bg4 Ng7 14. f3 {0-1 (46) Pfreundt,J (2394)-Heberla,B (2570) Karlsruhe 2018}) 6... Nbd7 7. g3 O-O 8. Nh4 $146 {White is better.} ({Predecessor:} 8. Bg2 Ne8 9. O-O g6 10. Ne1 f5 11. f4 Ng7 12. Nd3 Bf6 13. exf5 gxf5 14. Be3 a6 15. Qd2 h5 16. Rae1 {0-1 (36) Asis Gargatagli,H (2376)-Anibar,A (2185) Illes Medes 2006}) 8... b6 9. Nf5 a6 10. Bd3 c4 11. Bxc4 Nc5 12. Nxe7+ Qxe7 13. f3 Bh3 14. Be3 Nh5 15. Bf1 Bxf1 16. Kxf1 f5 17. exf5 Rxf5 18. Kg2 {[%cal Bf1g2,Bg2h1,Bh1g2][%mdl 32]} ({And not} 18. g4 Rxf3+ 19. Qxf3 Rf8 $15) 18... Raf8 19. Bxc5 bxc5 20. Rf1 Qd7 21. Qe2 Rg5 22. Qd2 Nf4+ 23. Kh1 Nh3 24. Ne4 Rgf5 {[#]} (24... Rg6 $16) 25. Kg2 $1 $18 {[%cal Rg2h3]} Rh5 26. a5 Rh6 27. Ra3 (27. Qe2 $142) 27... Rb8 $2 {[%mdl 8192] [#]} (27... Rg6 $16) 28. Qxh6 $1 {[%mdl 512] Precision: White = 68%, Black = 39%.} 1-0

[Event "1st Gujarat GM Open 2018"]
[Site "Ahmedabad"]
[Date "2018.10.08"]
[Round "5"]
[White "Raghunandan, Kaumandur Srihari"]
[Black "Kulkarni, Vinayak"]
[Result "1/2-1/2"]
[WhiteElo "2394"]
[BlackElo "2203"]
[Annotator "TA"]
[PlyCount "81"]
[EventDate "2018.10.05"]
[EventType "swiss"]
[EventCountry "IND"]
[SourceTitle "playchess.com"]
[Source "ChessBase"]
[SourceQuality "1"]

{[%evp 13,81,54,39,39,43,50,38,36,36,47,39,36,31,14,64,37,46,37,31,12,22,20,10,15,27,-9,1,-7,0,0,6,7,20,0,0,0,0,0,0,-8,0,0,0,0,8,8,8,8,8,8,8,8,8,-8,0,0,0,0,0,0,0,0,0,0,0,0,0,0,0,0]} 1. d4 Nf6 2. c4 e6 3. Nf3 d5 4. g3 c5 5. cxd5 cxd4 6. dxe6 {E01: Katalanisch} Bxe6 7. Qxd4 Nc6 {LiveBook: 7 Partien} 8. Qa4 {Weiß steht etwas besser.} Bb4+ 9. Bd2 Qb6 10. Bg2 $146 ({Vorgänger:} 10. Bxb4 Qxb4+ 11. Qxb4 Nxb4 12. Na3 Bxa2 13. Bg2 {½-½ (70) Zhao,Z (2548)-Melkumyan,H (2641) Sydney 2015}) 10... Bxd2+ 11. Nbxd2 Qxb2 12. O-O O-O 13. a3 Ne5 14. Rab1 Nxf3+ 15. Nxf3 Qxe2 16. Nd4 Bd7 17. Nxe2 Bxa4 18. Rxb7 Rac8 19. Nd4 ({Doch nicht} 19. Rxa7 Bb5 $15) 19... Rfd8 {Die Stellung ist ausgeglichen.} 20. Nf5 {[#] Und Se7+ würde nun gewinnen.} Rc5 $1 {[%cal Rc5f5]} 21. Ne3 ({Viel schwächer wäre} 21. Rxa7 Bb5 $17) 21... a6 22. Rfb1 Bb5 23. h3 h5 24. Rb4 Rc1+ 25. Kh2 Ra1 26. g4 hxg4 27. hxg4 g5 28. Nf5 Bd7 {Weiss muss nun ...Lxf5 beachten.} 29. Rd4 {und nun wäre Lf3 stark für Weiss.} Nxg4+ 30. Rxg4 Bxf5 31. Rxg5+ Bg6 32. Bd5 {[#] Beabsichtigt Lxf7+ und Matt.} Kf8 33. Rb3 Rd1 34. Bc4 R8d6 35. Ra5 Bc2 36. Rb8+ Kg7 {Droht stark ...Th6+.} 37. Rxa6 Rxa6 38. Bxa6 Ra1 39. Bc4 Rxa3 40. Bd5 Bg6 41. Rb3 {Precision: Weiß = 54%, Schwarz = 80%.} 1/2-1/2

[Event "1st Gujarat GM Open 2018"]
[Site "Ahmedabad"]
[Date "2018.10.08"]
[Round "5"]
[White "Audi Ameya"]
[Black "Prajesh R"]
[Result "1-0"]
[WhiteElo "2375"]
[BlackElo "1953"]
[Annotator "NA"]
[PlyCount "167"]
[EventDate "2018.10.05"]
[EventType "swiss"]
[EventCountry "IND"]
[SourceTitle "playchess.com"]
[Source "ChessBase"]
[SourceQuality "1"]
[TimeControl "5400+30"]

1. e4 {[%emt 0:00:00]} e5 {[%emt 0:00:00]} 2. Nf3 {[%emt 0:00:00]} Nc6 {[%emt 0:00:02]} 3. Bc4 {[%emt 0:00:00]} Nf6 {[%emt 0:00:06]} 4. d3 {[%emt 0:00:00]} Be7 {[%emt 0:00:06]} 5. O-O {[%emt 0:00:04]} O-O {[%emt 0:00:05]} 6. Re1 {[%emt 0:00:02]} d6 {[%emt 0:00:08]} 7. a4 {[%emt 0:00:03]} Na5 {[%emt 0:00:29]} 8. Ba2 {[%emt 0:00:02]} c5 {[%emt 0:00:07]} 9. c3 {[%emt 0:00:54]} Nc6 {[%emt 0:00:08]} 10. h3 {[%emt 0:00:35]} h6 {[%emt 0:00:40]} 11. Na3 {[%emt 0:00:45]} Re8 {[%emt 0:03:42]} 12. Nc4 {[%emt 0:12:24]} Be6 {[%emt 0:05:18]} 13. d4 {[%emt 0:03:53]} exd4 {[%emt 0:25:53]} 14. cxd4 {[%emt 0:00:03]} d5 {[%emt 0:02:24]} 15. exd5 {[%emt 0:00:35]} Bxd5 {[%emt 0:00:46]} 16. dxc5 {[%emt 0:14:10]} Bxc5 {[%emt 0:03:21]} 17. Rxe8+ {[%emt 0:01:14]} Qxe8 {[%emt 0:00:45]} 18. Be3 {[%emt 0:00:15]} Bxc4 {[%emt 0:09:06]} 19. Bxc5 {[%emt 0:00:10]} Rd8 {[%emt 0:01:08]} 20. Be3 {[%emt 0:00:30]} Rc8 {[%emt 0:00:30]} 21. Bc5 {[%emt 0:06:01]} Rd8 {[%emt 0:00:30]} 22. Qb1 {[%emt 0:00:07]} Rc8 {[%emt 0:00:30]} 23. Qd1 {[%emt 0:00:53]} Rd8 {[%emt 0:00:30]} 24. Qb1 {[%emt 0:00:07]} Be2 {[%emt 0:04:11]} 25. Qf5 {[%emt 0:00:32]} Bc4 {[%emt 0:00:00]} 26. Qb1 {[%emt 0:00:28]} Be2 {[%emt 0:01:00]} 27. Qf5 {[%emt 0:00:32]} Bd1 {[%emt 0:34:03]} 28. a5 {[%emt 0:05:55]} Qe2 {[%emt 0:01:47]} 29. b4 {[%emt 0:10:02]} Qb2 {[%emt 0:02:54]} 30. Qb1 {[%emt 0:00:17]} Qc3 {[%emt 0:00:02]} 31. Qc1 {[%emt 0:01:43]} Bc2 {[%emt 0:00:18]} 32. Qe1 {[%emt 0:00:26]} Qb2 {[%emt 0:01:42]} 33. Bc4 {[%emt 0:03:54]} Ne4 {[%emt 0:01:20]} 34. Ra2 {[%emt 0:00:32]} Qxa2 {[%emt 0:01:22]} 35. Bxa2 {[%emt 0:00:05]} Rd1 {[%emt 0:00:01]} 36. Bd5 {[%emt 0:26:20]} Nxc5 {[%emt 0:00:08]} 37. Bxc6 {[%emt 0:00:14]} bxc6 {[%emt 0:01:35]} 38. bxc5 {[%emt 0:00:02]} Rxe1+ {[%emt 0:00:46]} 39. Nxe1 {[%emt 0:00:01]} Ba4 {[%emt 0:01:08]} 40. Nf3 {[%emt 0:00:26]} Bb3 {[%emt 0:00:25]} 41. Nd4 {[%emt 0:01:36]} Bd5 {[%emt 0:00:02]} 42. Nf5 {[%emt 0:00:19]} Kf8 {[%emt 0:01:07]} 43. Nd6 {[%emt 0:00:01]} a6 {[%emt 0:00:13]} 44. Nf5 {[%emt 0:00:24]} Be4 {[%emt 0:00:37]} 45. Nd4 {[%emt 0:00:10]} Ke7 {[%emt 0:00:05]} 46. f3 {[%emt 0:00:45]} Bd5 {[%emt 0:00:01]} 47. h4 {[%emt 0:00:21]} Kf6 {[%emt 0:00:53]} 48. Kf2 {[%emt 0:00:02]} h5 {[%emt 0:01:27]} 49. Ke3 {[%emt 0:01:08]} g5 {[%emt 0:00:16]} 50. g3 {[%emt 0:00:11]} Kg6 {[%emt 0:00:28]} 51. Nc2 {[%emt 0:08:51]} Bc4 {[%emt 0:00:06]} 52. Kd4 {[%emt 0:00:02]} Be2 {[%emt 0:00:53]} 53. Nb4 {[%emt 0:00:05]} gxh4 {[%emt 0:00:29]} 54. gxh4 {[%emt 0:00:06]} Kf5 {[%emt 0:00:23]} 55. Nxc6 {[%emt 0:03:08]} Bxf3 {[%emt 0:00:02]} 56. Ne5 {[%emt 0:00:01]} Bh1 {[%emt 0:01:17]} 57. Nxf7 {[%emt 0:00:26]} Kg4 {[%emt 0:00:00]} 58. Nd8 {[%emt 0:00:08]} Kxh4 {[%emt 0:00:08]} 59. c6 {[%emt 0:00:05]} Bxc6 {[%emt 0:00:04]} 60. Nxc6 {[%emt 0:00:02]} Kg3 {[%emt 0:00:07]} 61. Ne7 {[%emt 0:00:52]} Kg4 {[%emt 0:01:06]} 62. Ke3 {[%emt 0:00:27]} Kg3 {[%emt 0:01:42]} 63. Nf5+ {[%emt 0:01:56]} Kg4 {[%emt 0:00:12]} 64. Ng7 {[%emt 0:02:17]} h4 {[%emt 0:00:09]} 65. Kf2 {[%emt 0:00:05]} Kh3 {[%emt 0:01:11]} 66. Kg1 {[%emt 0:00:30]} Kg4 {[%emt 0:00:33]} 67. Ne6 {[%emt 0:00:02]} Kf5 {[%emt 0:00:02]} 68. Nc5 {[%emt 0:00:01]} Ke5 {[%emt 0:00:01]} 69. Nxa6 {[%emt 0:00:06]} Kd6 {[%emt 0:00:02]} 70. Kh2 {[%emt 0:01:18]} Kc6 {[%emt 0:00:01]} 71. Nb4+ {[%emt 0:00:07]} Kb5 {[%emt 0:00:04]} 72. a6 {[%emt 0:00:02]} Kb6 {[%emt 0:00:02]} 73. Kh3 {[%emt 0:00:03]} Ka7 {[%emt 0:00:02]} 74. Kxh4 {[%emt 0:00:04]} Kb6 {[%emt 0:00:03]} 75. Kg5 {[%emt 0:00:05]} Ka7 {[%emt 0:00:02]} 76. Kf5 {[%emt 0:00:03]} Kb6 {[%emt 0:00:03]} 77. Ke6 {[%emt 0:00:02]} Ka7 {[%emt 0:00:03]} 78. Kd7 {[%emt 0:00:08]} Kb6 {[%emt 0:00:06]} 79. Kc8 {[%emt 0:00:05]} Ka7 {[%emt 0:00:02]} 80. Kc7 {[%emt 0:00:04]} Ka8 {[%emt 0:00:03]} 81. Kb6 {[%emt 0:00:03]} Kb8 {[%emt 0:00:03]} 82. Nd5 {[%emt 0:00:13]} Ka8 {[%emt 0:00:11]} 83. Nc7+ {[%emt 0:00:03]} Kb8 {[%emt 0:00:03]} 84. a7+ {[%emt 0:00:05]} 1-0

[Event "1st Gujarat GM Open 2018"]
[Site "Ahmedabad"]
[Date "2018.10.08"]
[Round "5"]
[White "Rathanvel, V S"]
[Black "Kamdar Udit"]
[Result "1-0"]
[WhiteElo "2341"]
[BlackElo "2103"]
[Annotator "TA"]
[PlyCount "83"]
[EventDate "2018.10.05"]
[EventType "swiss"]
[EventCountry "IND"]
[SourceTitle "playchess.com"]
[Source "ChessBase"]
[SourceQuality "1"]

{[%evp 12,83,38,29,43,33,50,38,66,39,43,8,18,18,16,20,16,19,18,29,33,0,25,0,6,0,6,2,18,0,0,0,0,0,0,-20,-22,-14,0,-10,-1,-36,17,0,0,0,0,0,0,0,20,0,0,0,34,29,58,29,304,175,469,385,350,358,473,471,641,641,1134,1093,5369,5313,2743,5281]} 1. e4 c6 2. d4 d5 3. e5 Bf5 4. Nf3 e6 5. Be2 Nd7 6. O-O Bg6 7. c3 Nh6 {B12: Caro-Kann: Advance Variation} 8. Nbd2 Be7 9. Nb3 O-O {White is slightly better.} 10. a4 (10. Bxh6 $5 gxh6 11. Qc1 $14) 10... f6 $146 ({Predecessor:} 10... Rc8 11. a5 c5 12. Bxh6 gxh6 13. dxc5 Nxc5 14. Nbd4 {1-0 (35) Karjakin,S (2785)-Pantsulaia,L (2607) Doha 2016}) 11. c4 (11. Bxh6 $5 gxh6 12. Bd3 $14) 11... Nf7 {[%cal Rf6e5]} 12. cxd5 cxd5 {[%cal Rf6e5]} 13. exf6 Bxf6 14. Bd2 Rc8 {[#] Hoping for ...Bc2.} 15. Bc3 Ra8 16. Bd2 Rc8 {White must now prevent ...Bc2.} 17. Bc3 Nd6 18. Nbd2 Nf5 19. a5 a6 20. Qb3 Rc7 21. Rfe1 Re8 22. h3 Nb8 23. Qa4 Nc6 24. Nb3 Qc8 25. Rad1 Nd6 26. Nfd2 e5 ({Black should play} 26... h6 $15) 27. Bg4 Qd8 28. dxe5 Nxe5 29. Bxe5 Rxe5 30. Rxe5 Bxe5 31. Nf3 Bxb2 32. Be6+ Bf7 (32... Kh8 {feels hotter.} 33. Rxd5 Qe7 34. Qf4 Ne8 35. Qe3 Bc3) 33. Bxd5 Qf8 34. Bxf7+ Rxf7 $4 {[%mdl 8192]} (34... Nxf7 $11 35. Nbd2 Qc8) 35. Qa2 (35. Ng5 $142) 35... Nc4 $2 (35... Bf6 {was worth a try.} 36. Nc5 Qe7) 36. Nbd2 Nxd2 37. Ng5 ({And not} 37. Qxb2 Nxf3+ 38. gxf3 g6 $11) (37. Nxd2 Bf6 $16) 37... Bc3 {[#]} 38. Rc1 $1 {[%cal Rc1c3] White is clearly winning.} ({Weaker is} 38. Nxf7 Qxf7 39. Rxd2 Bxd2 $11) ({Inferior is} 38. Rxd2 Bxd2 39. Nxf7 Qxf7 $11) 38... Ne4 39. Nxe4 Bf6 40. Qe6 Kh8 41. Rc8 {Intending Nd6 and mate.} Bd8 42. Qxf7 {Precision: White = 49%, Black = 33%.} 1-0